| 000 | 00766nam a22002177a 4500 | ||
|---|---|---|---|
| 999 |
_c17919 _d17919 |
||
| 003 | AR-CdUCM | ||
| 008 | 190510b ||||| |||| 00| 0 spa d | ||
| 040 |
_aMUNICIPALIDAD PROVINCIAL DEL CUSCO _cBIBLIOTECA MUNICIPAL DEL CUSCO |
||
| 082 |
_a134 / _bK19 |
||
| 100 |
_aKamlah, Wilhelm _938169 |
||
| 245 | _aAntropologia filosofica y etica / | ||
| 260 |
_aBuenos Aires : _bAlfa, _c1976. |
||
| 300 |
_a198 páginas ; _c22 cm. |
||
| 440 |
_aColección de estudios Alemanes _938170 |
||
| 505 | _aContenido : Explicación de experiencias -- El ser viviente que tiene logos -- Actuar y comportarse -- Apetecer y necesitar... | ||
| 650 |
_aLenguaje de la antropologia _938171 |
||
| 650 |
_aMoral _94056 |
||
| 650 |
_aÉtica _91337 |
||
| 942 |
_2ddc _cLIBROS |
||
| 945 | _arcc | ||